[Event "45th FIDE Chess Olympiad Open"]
[Site "Budapest, Hungary"]
[Date "2024.09.11"]
[Round "1.226"]
[White "Stojanovic, Dalibor"]
[Black "Bonne, Robin"]
[Result "1-0"]
[WhiteElo "2448"]
[BlackElo "1707"]
[PlyCount "81"]
[EventDate "2024.??.??"]
[WhiteTeam "Bosnia & Herzegovina"]
[BlackTeam "Seychelles"]
[WhiteTeamCountry "BIH"]
[BlackTeamCountry "SEY"]
[WhiteClock "0:33:21"]
[BlackClock "0:13:29"]

1. e4 e5 2. Bc4 Nf6 3. d3 g6 ({RR} 3... Bb4+ 4. c3 Be7 5. Nf3 Nc6 6. Nbd2 O-O 7. O-O d6 8. Bb3 b5 9. Re1 a5 10. d4 a4 11. Bc2 exd4 12. cxd4 Bg4 13. h3 Bh5 14. d5 Nb4 15. a3 Nxc2 16. Qxc2 Bg6 17. Nh4 c5 18. dxc6 {Dvoretzky,M (2495)-Romanishin,O (2485) Riga 1975 ½-½}) 4. Nf3 d5 $146 ({RR} 4... Bg7 5. Nc3 O-O 6. Bg5 d6 7. O-O Nbd7 8. Qd2 c6 9. h3 Qc7 10. Bh6 b6 11. Bxg7 Kxg7 12. a3 Bb7 13. d4 d5 14. exd5 cxd5 15. Ba2 e4 16. Ne1 Rfe8 17. Qe3 Nh5 18. Ne2 Ba6 19. Bxd5 {Nguyen,N (2128)-Nguyen,N (2139) Hanoi 2022 0-1 (39)}) ({RR} 4... Bg7 5. Nxe5 d5 6. Bb3 Nxe4 7. Nxf7 Qe7 8. dxe4 Qxe4+ 9. Be3 Qxg2 10. Bxd5 Qh3 11. c3 Bg4 12. Qa4+ c6 13. Qe4+ Kf8 14. Bc5+ Kg8 15. Ng5+ cxd5 16. Qe8+ Bf8 17. Qxf8# {1-0 (17) Urbano Canete,A-Olivella Garcia,X Terrassa 2013}) ({RR} 4... d6 5. Ng5 Be6 6. Nxe6 fxe6 7. Bxe6 Qe7 8. Bb3 Nbd7 9. Nc3 c6 10. a3 Bg7 11. Be3 h6 12. Qe2 O-O-O 13. O-O-O Kb8 14. g3 Nh5 15. f4 Nhf6 16. Rdf1 h5 17. f5 Ng4 18. Bd2 gxf5 19. Rxf5 {Hausmann,I (2166)-Nitze,A Chemnitz 1999 1-0 (41)}) 5. exd5 Nxd5 6. Nxe5 Be6 7. O-O Bg7 8. Re1 O-O 9. Nd2 Nc6 10. Nxc6 bxc6 11. Ne4 Rb8 12. Bb3 Re8 13. Bg5 f6 14. Bd2 Qc8 15. Qf3 f5 16. Ng5 Qd7 17. Rxe6 Rxe6 18. Nxe6 Qxe6 19. Re1 Qd7 20. c3 h6 21. Qe2 Kh7 22. Qe6 Qxe6 23. Rxe6 Rb6 24. d4 Nf6 25. Bf4 Nd5 26. Bc1 g5 27. Bc2 Nf6 28. Bxf5+ Kh8 29. Re7 Rb5 30. Bd3 Rb7 31. b4 Bf8 32. Rf7 Bg7 33. Ba6 Rb6 34. Bc4 Rb7 35. Bb3 Nd5 36. Rd7 Nf6 37. Rd8+ Ng8 38. Rxg8+ Kh7 39. Re8 Kg6 40. Re6+ Kh5 41. Bd1+ 1-0

[Event "45th FIDE Chess Olympiad Open"]
[Site "Budapest, Hungary"]
[Date "2024.09.11"]
[Round "1.227"]
[White "Pillay, Ragul"]
[Black "Burovic, Rijad"]
[Result "0-1"]
[WhiteElo "1633"]
[BlackElo "2426"]
[PlyCount "46"]
[EventDate "2024.??.??"]
[WhiteTeam "Seychelles"]
[BlackTeam "Bosnia & Herzegovina"]
[WhiteTeamCountry "SEY"]
[BlackTeamCountry "BIH"]
[WhiteClock "0:03:24"]
[BlackClock "0:31:14"]

1. d4 {Picard/Primel,D} Nf6 2. c4 g6 3. Nc3 Bg7 4. Nf3 O-O 5. e3 d6 6. Be2 Nbd7 7. O-O e5 8. dxe5 dxe5 9. Qc2 c6 10. Ne4 $146 ({RR} 10. e4 Qe7 11. Bg5 h6 12. Bd2 Ne8 13. Rad1 f5 14. exf5 gxf5 15. Bc1 Nc5 16. Rfe1 Ne6 17. Be3 f4 18. Bc1 Nc5 19. b4 Bf5 20. Qd2 Ne6 21. c5 e4 22. Nxe4 Bxe4 23. Bc4 Bd5 24. Bxd5 cxd5 {Langos,J-Tranmer,E Moscow 1949 ½-½ (51)}) ({RR} 10. Rd1 Qc7 11. b3 Re8 12. Bb2 Nf8 13. Rac1 Bf5 14. e4 Bg4 15. h3 Bxf3 16. Bxf3 a6 17. g3 Rad8 18. Bg2 Rxd1+ 19. Rxd1 Rd8 20. Rxd8 Qxd8 21. Qd1 Qxd1+ 22. Nxd1 Ne8 23. b4 Ne6 {½-½ (23) Zacurdajev,M (2376)-Zacurdajev,D (2273) Tosno 2009}) ({RR} 10. Rd1 Re8 11. b3 Qe7 12. Bb2 e4 13. Nd2 Nf8 14. a4 Bf5 15. Ba3 Qe6 16. Nf1 h5 17. Rd6 Qc8 18. Rad1 h4 19. c5 N8h7 20. Bb2 Ng5 21. Nb1 Re6 22. Rxe6 Bxe6 23. Bc4 h3 24. Nbd2 hxg2 {Ardila,O (1971)-Annaberdiyev,B (2208) chess.com INT 2024 0-1 (36)}) ({RR} 10. Rd1 Qc7 11. b3 Rd8 12. Ba3 Ne8 13. Be7 e4 14. Bxd8 Qxd8 15. Ne1 Qa5 16. Nxe4 Bxa1 17. Rxa1 Ndf6 18. Qc3 Qxc3 19. Nxc3 Bf5 20. Rd1 Kf8 21. Bd3 Bxd3 22. Rxd3 Ke7 23. f3 Nc7 24. e4 Ne6 {Zielke,A (1608)-Stein,S (1822) Berlin 2018 1-0 (55)}) ({RR} 10. Rd1 Qe7 11. Bd2 ({RR} 11. b3) 11... Ne8 12. Rac1 f5 13. Na4 e4 14. Ne1 Nb6 15. Bc3 Nxa4 16. Qxa4 Bxc3 17. Rxc3 Be6 18. Qc2 ({RR} 18. Rc2) 18... Nf6 19. g3 Rad8 20. Ng2 g5 21. b3 Rd7 22. Rxd7 Qxd7 23. h3 Rd8 24. Qc1 Qd2 {Long,L-Roethel,M Toulouse 1955 EXT 2013 [Picard/Primel,D] 0-1 (36)}) 10... Nxe4 11. Qxe4 Nc5 12. Qc2 Bf5 13. Qd1 Qb6 14. Nd2 Rfd8 15. a3 a5 16. b3 Rd7 17. Bg4 Bxg4 18. Qxg4 Rad8 19. Ra2 e4 20. Nxe4 f5 21. Qg5 Nxe4 22. Qf4 Qxb3 23. Re2 Rd1 0-1

[Event "45th FIDE Chess Olympiad Open"]
[Site "Budapest, Hungary"]
[Date "2024.09.11"]
[Round "1.228"]
[White "Culum, Sanjin"]
[Black "Pillay, Harish"]
[Result "1-0"]
[WhiteElo "2409"]
[BlackElo "1561"]
[PlyCount "37"]
[EventDate "2024.??.??"]
[WhiteTeam "Bosnia & Herzegovina"]
[BlackTeam "Seychelles"]
[WhiteTeamCountry "BIH"]
[BlackTeamCountry "SEY"]
[WhiteClock "1:00:49"]
[BlackClock "0:42:51"]

1. e4 e5 2. Nf3 Nc6 3. Bc4 Bc5 4. c3 Nf6 5. d3 d6 6. O-O Bg4 7. h3 Bh5 8. Nbd2 O-O 9. Re1 Na5 ({RR} 9... Re8 10. b4 Bb6 11. Qb3 Qd7 12. a4 a5 13. b5 Nd8 14. Nh4 Ne6 15. Nf1 Rad8 16. Ng3 Bg6 17. Be3 Bxe3 18. fxe3 Nc5 19. Qc2 c6 20. Rf1 Qc7 21. bxc6 bxc6 22. Nhf5 d5 23. exd5 cxd5 24. Bb5 {Bodrozic,T (2415)-Pinter,J (2543) Baden 2016 ½-½ (57)}) ({RR} 9... Re8 10. Nf1 d5 11. exd5 Nxd5 12. Ng3 Bg6 13. Bg5 Qd7 14. b4 Nxc3 15. Qb3 Bd4 16. Nxd4 exd4 17. h4 Ne5 18. h5 Bxd3 19. Rxe5 Rxe5 20. Bxd3 Rxg5 21. h6 g6 22. Ne4 Nxe4 23. Bxe4 c6 24. Rd1 {Myagmarsuren,E (2017)-Hansch,K (2209) chess.com INT 2024 0-1 (32)}) 10. Bb5 $146 ({RR} 10. Bb3 Nxb3 11. Qxb3 Bb6 12. Qd1 Qe7 13. Nf1 Rac8 14. Ng3 Bg6 15. Bg5 h6 16. Bd2 Nh5 17. Ne2 Nf6 18. Qb3 Bh5 19. Nh4 Nxe4 20. Nf5 Qf6 21. dxe4 g6 22. Nxh6+ Kh7 23. Be3 Bxe3 24. fxe3 Kxh6 {Surazynski,K-Wasilewski,P Suwalki 2010 0-1 (47)}) 10... a6 11. Ba4 Ba7 12. Nf1 b5 13. Bc2 d5 14. Ng3 dxe4 15. Nxh5 exf3 16. Bg5 Qc8 17. Bxf6 gxf6 18. Qxf3 Qe6 19. Qg3+ 1-0

[Event "45th FIDE Chess Olympiad Open"]
[Site "Budapest, Hungary"]
[Date "2024.09.11"]
[Round "1.229"]
[White "Delgado Ramirez, Neuris"]
[Black "Gontcharov, Serguei"]
[Result "1-0"]
[WhiteElo "2484"]
[BlackElo "1927"]
[PlyCount "65"]
[EventDate "2024.??.??"]
[WhiteTeam "Paraguay"]
[BlackTeam "Bermuda"]
[WhiteTeamCountry "PAR"]
[BlackTeamCountry "BER"]
[WhiteClock "1:15:06"]
[BlackClock "0:00:41"]

1. e4 c5 2. Nc3 Nc6 3. Bb5 d6 4. Bxc6+ bxc6 5. f4 g6 6. Nf3 Bg7 7. O-O e6 8. e5 d5 9. b3 Ba6 10. d3 Qa5 11. Na4 $146 ({RR} 11. Bd2 Qc7 12. Qe2 h5 13. Na4 Bf8 14. c4 Nh6 15. Be3 Qa5 16. Qe1 Qb4 17. Bd2 Qb7 18. Bc1 Qb4 19. Bb2 Nf5 20. Qc1 Qb7 21. Ba3 Nd4 22. Rf2 dxc4 23. dxc4 Be7 24. Bxc5 Nf5 25. Bxe7 Qxe7 {Weeramantry,S (2177)-De Silva,O (1889) Colombo 2012 0-1 (59)}) 11... Bf8 12. c4 Nh6 13. Bd2 Qc7 14. Be3 Qa5 15. Qe1 Qxe1 16. Raxe1 d4 17. Bc1 O-O-O 18. Ba3 Nf5 19. Ng5 Rd7 20. Bxc5 Bh6 21. Ne4 Bg7 22. Nd6+ Nxd6 23. Bxd6 Bb7 24. Nc5 Rdd8 25. b4 Bf8 26. Ne4 h5 27. Rb1 Ba8 28. Rb3 Rd7 29. Ra3 Bxd6 30. exd6 f5 31. Nc5 Rxd6 32. Rxa7 Rg8 33. Rxa8+ 1-0

[Event "45th FIDE Chess Olympiad Open"]
[Site "Budapest, Hungary"]
[Date "2024.09.11"]
[Round "1.230"]
[White "Dacres, Don"]
[Black "Cubas, Jose Fernando"]
[Result "0-1"]
[WhiteElo "1863"]
[BlackElo "2417"]
[PlyCount "76"]
[EventDate "2024.??.??"]
[WhiteTeam "Bermuda"]
[BlackTeam "Paraguay"]
[WhiteTeamCountry "BER"]
[BlackTeamCountry "PAR"]
[WhiteClock "0:20:03"]
[BlackClock "0:20:12"]

1. e4 c5 2. Nf3 Nc6 3. Bb5 g6 4. c3 Nf6 5. e5 Nd5 6. Bxc6 dxc6 7. O-O Bg7 8. d4 cxd4 9. cxd4 O-O 10. Nc3 Bf5 ({RR} 10... Nxc3 11. bxc3 Bg4 12. h3 Bxf3 13. Qxf3 Qd5 14. Qxd5 cxd5 15. Ba3 Rfe8 16. Rab1 b6 17. f4 e6 18. g4 Rac8 19. Rbc1 Rc4 20. Rc2 Rec8 21. Rfc1 Bh6 22. g5 Bf8 23. Bxf8 Kxf8 24. Kf2 Ke7 25. Ke3 {Mitsiou,K (1528)-Gavriilidis,O (1985) Thessaloniki 2020 ½-½ (58)}) 11. Nh4 $146 ({RR} 11. Qb3 Qd7 12. Nxd5 cxd5 13. Bf4 Rac8 14. Rac1 e6 15. Qe3 Qb5 16. b3 Qd3 17. Qxd3 Bxd3 18. Rfe1 h5 19. Rxc8 Rxc8 20. Rc1 Rxc1+ 21. Bxc1 Bf8 22. a3 a5 23. Bd2 Bxa3 {½-½ (23) Sivarajasingam,S (1441)-Borland,S (1856) Gatwick 2013}) ({RR} 11. Bd2 Nb4 12. Be3 c5 13. d5 Nd3 14. h3 c4 15. Qe2 Qc8 16. Bg5 f6 17. exf6 exf6 18. Be3 Re8 19. Qd2 Ne5 20. Nd4 Bd3 21. Rfe1 Nd7 22. Ndb5 Bf8 23. d6 Ne5 24. Nd5 Kg7 25. Bh6+ Kf7 {Stoll,L (1596)-Petrenko,M (1361) Bratislava 2019 1-0 (81)}) 11... Be6 12. Re1 c5 13. Nf3 Nxc3 14. bxc3 cxd4 15. cxd4 Bd5 16. a4 Qd7 17. Be3 Rfc8 18. Nd2 Rc3 19. Nb1 Rc6 20. Nd2 Rac8 21. Nb3 b6 22. a5 Rc3 23. Nd2 f6 24. exf6 Bxf6 25. axb6 axb6 26. Nb1 Rc2 27. h3 b5 28. Re2 Rxe2 29. Qxe2 b4 30. Qd1 b3 31. Nd2 Qb7 32. f3 Rc3 33. Bf2 b2 34. Rb1 Qc7 35. Nf1 Rc1 36. Qd3 Rxb1 37. Qxb1 Qc1 38. Qd3 b1=Q 0-1

[Event "45th FIDE Chess Olympiad Open"]
[Site "Budapest, Hungary"]
[Date "2024.09.11"]
[Round "1.231"]
[White "Almiron, Antonio"]
[Black "Lill, Sami"]
[Result "1-0"]
[WhiteElo "2312"]
[BlackElo "1902"]
[PlyCount "63"]
[EventDate "2024.??.??"]
[WhiteTeam "Paraguay"]
[BlackTeam "Bermuda"]
[WhiteTeamCountry "PAR"]
[BlackTeamCountry "BER"]
[WhiteClock "0:58:57"]
[BlackClock "0:21:42"]

1. d4 d5 2. c4 e6 3. Nc3 Be7 4. Nf3 Nf6 5. cxd5 exd5 6. Bg5 c6 7. Qc2 h6 8. Bf4 ({RR} 8. Bxf6 Bxf6 9. e4 dxe4 10. Qxe4+ Qe7 11. Bc4 Bf5 12. Qxe7+ Kxe7 13. O-O-O Rd8 14. Rhe1+ Kf8 15. Ne4 Nd7 16. Nd6 Nb6 17. Nxf5 Nxc4 18. Ne3 Nb6 19. Kc2 Rac8 20. b3 Rc7 21. Rd2 g6 22. Red1 h5 {Livaic,L (2569)-Nguyen,T (2651) Vrnjacka Banja SRB 2023 0-1 (60)}) 8... Na6 ({RR} 8... Bg4 9. Ne5 Be6 10. e3 Nbd7 11. Bd3 Nxe5 12. Bxe5 O-O 13. O-O Nd7 14. Bg3 Nf6 15. h3 Bd6 16. Bxd6 Qxd6 17. Rab1 a6 18. Na4 Nd7 19. Rfc1 Qe7 20. Nc5 Nxc5 21. Qxc5 Qg5 22. Kh2 f5 23. Qd6 {Hajiyev,K (2183)-Antonio,J (2277) chess.com INT 2023 1-0 (41)}) 9. a3 $146 ({RR} 9. e3 Qa5 10. Nd2 Nc7 11. Bd3 Ne6 12. Be5 Qd8 13. O-O Bd6 14. Nf3 Ng5 15. Qe2 Ng4 16. Bf4 Nf6 17. Ne5 Qe7 18. Qc2 Be6 19. Na4 Nd7 20. Nxd7 Bxd7 21. Bxd6 Qxd6 22. Nc5 Rb8 23. Rfc1 O-O {Goczan,L (2215)-Korosparti,S (2130) Hungary 1997 ½-½ (39)}) ({RR} 9. e3 Nc7 10. O-O-O Be6 11. Bd3 Rc8 12. Kb1 a6 13. Qb3 b5 14. Ne5 Na8 15. f3 a5 16. Nxc6 Rxc6 17. Bxb5 Bd7 18. Bxc6 Bxc6 19. Qb8 Qxb8 20. Bxb8 O-O 21. Bf4 Nh5 22. Ne2 Nxf4 23. Nxf4 Nb6 {Graef,K (1183)-Ohler,J (1646) Bad Soden 2017 0-1 (49)}) 9... Nc7 10. e3 Ne6 11. Be5 Bd7 12. Bd3 Qa5 13. O-O Ng4 14. Bg3 O-O 15. h3 Nf6 16. Ne5 Bc8 17. b4 Qd8 18. Na4 Nd7 19. f4 Nxe5 20. dxe5 a5 21. f5 Ng5 22. h4 Ne4 23. Bxe4 dxe4 24. f6 gxf6 25. exf6 Bxf6 26. Rad1 Bd7 27. Nc5 Bg4 28. Rxd8 Bxd8 29. Qxe4 Bh5 30. Bd6 Bg6 31. Qxg6+ fxg6 32. Rxf8+ 1-0

[Event "45th FIDE Chess Olympiad Open"]
[Site "Budapest, Hungary"]
[Date "2024.09.11"]
[Round "1.232"]
[White "Dennis, Nathan"]
[Black "Latorre, Matias"]
[Result "0-1"]
[WhiteElo "1828"]
[BlackElo "2264"]
[PlyCount "110"]
[EventDate "2024.??.??"]
[WhiteTeam "Bermuda"]
[BlackTeam "Paraguay"]
[WhiteTeamCountry "BER"]
[BlackTeamCountry "PAR"]
[WhiteClock "0:00:31"]
[BlackClock "0:06:19"]

1. d4 Nf6 2. Bf4 b6 3. e3 Bb7 4. Nd2 c5 5. c3 g6 6. Ngf3 Bg7 7. h3 O-O 8. Be2 d6 9. O-O Nbd7 10. Qb3 Nd5 ({RR} 10... e5 11. Bh2 cxd4 12. cxd4 e4 13. Ne1 d5 14. Nc2 Qe7 15. a4 a5 16. Na3 Rfc8 17. Nb5 Ne8 18. Rac1 Bf8 19. Nb1 f5 20. Rc3 Rxc3 21. bxc3 Rc8 22. c4 Qe6 23. cxd5 Bxd5 24. Qb2 Bb4 25. Rc1 {Condie,M (2455)-Fatin,T (2310) Edinburgh 1988 1-0 (35)}) ({RR} 10... Qc7 11. Rad1 Rac8 12. Qa3 a6 13. c4 cxd4 14. exd4 Qb8 15. Rfe1 Rfe8 16. Bd3 e5 17. dxe5 dxe5 18. Bh2 Qa8 19. Bf1 e4 20. Nd4 Ne5 21. Bxe5 Rxe5 22. Qe3 Qb8 23. Nc2 Qc7 24. b3 Rh5 25. Be2 {Sneberger,J (1962)-Vyprachticky,D (2193) Czech Republic 2016 0-1 (64)}) 11. Bg5 $146 ({RR} 11. Bh2 e5 12. c4 Nc7 13. d5 f5 14. e4 Nf6 15. Qc2 b5 16. b3 bxc4 17. Bxc4 fxe4 18. Nxe4 Nfxd5 19. Rfd1 Kh8 20. a3 Qe7 21. Bg3 Rad8 22. Qd2 Nf6 23. Nxd6 Bxf3 24. Nf7+ Qxf7 25. Qxd8 Bd5 {Wittkugel,F (2072)-Fahnenschmidt,G (2036) Bad Bevensen 2004 0-1 (34)}) ({RR} 11. Bh2 N7f6 12. e4 Nc7 13. e5 Ne4 14. Nxe4 Bxe4 15. exd6 exd6 16. dxc5 dxc5 17. Rad1 Qc8 18. Ng5 Bf5 19. Bd6 Ne6 20. Bxf8 Nxg5 21. Be7 Ne6 22. Bf3 Rb8 23. g4 c4 24. Qa4 Bd3 25. Rxd3 cxd3 {Zupec,J (1882)-Hajna,T (1500) Portoroz 2007 1-0 (35)}) 11... a6 12. Rfd1 h6 13. Bh4 Rb8 14. a4 b5 15. axb5 axb5 16. Qc2 Nc7 17. Ne4 Qe8 18. dxc5 d5 19. Ned2 Nxc5 20. Bg3 e5 21. Nb3 Ne4 22. Bh2 f5 23. Nfd2 Nd6 24. Nc5 Bc6 25. Ra7 Rf7 26. Bf3 Ne6 27. Rxf7 Qxf7 28. Ndb3 Ng5 29. Be2 Nc4 30. Nd2 Qa7 31. Nd3 Nf7 32. Nb4 Bb7 33. Bf3 Rd8 34. Nxc4 dxc4 35. Bxb7 Qxb7 36. Rxd8+ Nxd8 37. Qd2 Nf7 38. Qd5 Qxd5 39. Nxd5 Nd6 40. Kf1 Kf7 41. Ke2 Ke6 42. Nc7+ Kd7 43. Nd5 Ne4 44. f4 Kd6 45. Nb4 exf4 46. Bxf4+ Kc5 47. Na6+ Kb6 48. Nb4 Ka5 49. Nc6+ Ka4 50. Nd4 Bxd4 51. exd4 Kb3 52. Bxh6 Kxb2 53. Bd2 Nxd2 54. Kxd2 b4 55. Ke2 bxc3 0-1

[Event "45th FIDE Chess Olympiad Open"]
[Site "Budapest, Hungary"]
[Date "2024.09.11"]
[Round "1.237"]
[White "Kulaots, Kaido"]
[Black "Al Ibrahim, Abdulrahman"]
[Result "1-0"]
[WhiteElo "2506"]
[BlackElo "1932"]
[PlyCount "65"]
[EventDate "2024.??.??"]
[WhiteTeam "Estonia"]
[BlackTeam "Kuwait"]
[WhiteTeamCountry "EST"]
[BlackTeamCountry "KUW"]
[WhiteClock "0:21:43"]
[BlackClock "0:01:04"]

1. e4 e5 2. Nf3 Nc6 3. Bb5 a6 4. Ba4 Nf6 5. O-O Be7 6. d3 b5 7. Bb3 d6 8. a4 Bd7 9. c3 O-O 10. Bc2 d5 ({RR} 10... b4 11. Re1 Re8 12. a5 Rb8 13. Nbd2 Bf8 14. Bb3 bxc3 15. bxc3 h6 16. h3 Be6 17. Ba4 Bd7 18. Nc4 Ne7 19. Bc2 Ng6 20. d4 exd4 21. cxd4 d5 22. exd5 Rxe1+ 23. Qxe1 Nxd5 24. Bxg6 fxg6 25. Nce5 {Caruana,F (2808)-Carlsen,M (2832) Paris 2017 ½-½ (79)}) ({RR} 10... Re8 11. Nbd2 Bf8 12. Re1 h6 13. Nf1 d5 14. Ne3 Be6 15. exd5 Nxd5 16. d4 exd4 17. Nxd4 Nxd4 18. Qxd4 Nf6 19. Qxd8 Rexd8 20. Nf5 c5 21. Bf4 b4 22. Ne3 Bd6 {½-½ (22) Israilov,A (2141)-Shuvalova,P (2467) Baku AZE 2024}) ({RR} 10... Re8 11. Re1 h6 12. Nbd2 Bf8 13. h3 b4 14. d4 bxc3 15. bxc3 exd4 16. cxd4 Nb4 17. Bb1 c5 18. d5 a5 19. Nc4 Bc8 20. Ra3 Ba6 21. Nfd2 g6 22. Bb2 Bg7 23. Qc1 Qc7 24. Rf3 Nd7 25. Bxg7 {Kulaots,K (2551)-Mons,L (2554) Germany 2019 0-1 (70)}) 11. exd5 Nxd5 12. Re1 Bf6 $146 ({RR} 12... Bd6 13. Nbd2 Nf6 14. Nf1 h6 15. Ng3 Bc5 16. h3 Re8 17. axb5 axb5 18. Rxa8 Qxa8 19. Nh4 b4 20. Nhf5 bxc3 21. bxc3 Ne7 22. Nxg7 Kxg7 23. d4 exd4 24. Nh5+ Nxh5 25. Qxh5 Qc6 26. Re5 Nf5 27. Rxe8 {Sosa,T (2508)-Aizpurua,P (2261) Linares 2019 1-0 (44)}) 13. Nbd2 g6 14. Ne4 Bg7 15. Bb3 Nde7 16. Bg5 Bf5 17. axb5 axb5 18. Rxa8 Qxa8 19. Nf6+ Kh8 20. Nxe5 Nxe5 21. Rxe5 h6 22. Bh4 Ng8 23. Rxf5 gxf5 24. Nd7 Rc8 25. Nc5 Qc6 26. d4 Nf6 27. Bxf7 Rf8 28. Bb3 Re8 29. h3 Ne4 30. Ne6 Bf6 31. Qh5 Rxe6 32. Qxh6+ Kg8 33. Bxf6 1-0

[Event "45th FIDE Chess Olympiad Open"]
[Site "Budapest, Hungary"]
[Date "2024.09.11"]
[Round "1.238"]
[White "Alsaqer, Meshal"]
[Black "Seeman, Tarvo"]
[Result "0-1"]
[WhiteElo "1815"]
[BlackElo "2375"]
[PlyCount "80"]
[EventDate "2024.??.??"]
[WhiteTeam "Kuwait"]
[BlackTeam "Estonia"]
[WhiteTeamCountry "KUW"]
[BlackTeamCountry "EST"]
[WhiteClock "0:01:11"]
[BlackClock "0:06:44"]

1. d4 g6 2. Nf3 Bg7 3. g3 Nf6 4. Bg2 O-O 5. O-O d6 6. c4 Nbd7 7. Nc3 e5 8. b3 Re8 9. Bb2 exd4 ({RR} 9... e4 10. Nd2 e3 11. Nde4 Nxe4 12. Nxe4 f5 13. Nc3 c6 14. Qd3 exf2+ 15. Rxf2 Nf6 16. Re1 Bd7 17. e3 Qe7 18. e4 fxe4 19. Nxe4 Bf5 20. Rfe2 Nxe4 21. Bxe4 Bxe4 22. Rxe4 Qd7 23. Qe2 Rxe4 24. Qxe4 {Hou,Y (2673)-Harika,D (2505) Beijing 2014 1-0 (98)}) 10. Nxd4 Nc5 ({RR} 10... c6 11. Qd2 Nc5 12. Rad1 a5 13. Rfe1 Qb6 14. Qc2 Na6 15. Na4 Qa7 16. Qd2 Nc5 17. Nxc5 Qxc5 18. Qc1 a4 19. Ba3 Qe5 20. Nf3 Qh5 21. Bxd6 Ne4 22. Bf4 axb3 23. axb3 Nc3 24. Rd3 Na2 {0-1 (24) Noy,E (2216)-Velikanov,A (2387) chess.com INT 2024}) 11. Rc1 ({RR} 11. b4 Nce4 12. Nxe4 Nxe4 13. Qc2 Qe7 14. a3 c6 15. Rad1 a5 16. b5 c5 17. Nb3 Bxb2 18. Qxb2 a4 19. Nd2 Nf6 20. Rfe1 Bf5 21. Bxb7 Qxb7 22. Qxf6 Re6 23. Qc3 Rae8 24. e4 Bh3 25. Re3 f5 {Meskovs,N (2546)-Seeman,T (2426) Jurmala 2018 1-0 (48)}) 11... c6 $146 ({RR} 11... Nce4 12. Qd3 Nxc3 13. Bxc3 Rb8 14. e4 Nd7 15. f4 Nc5 16. Qc2 f6 17. f5 g5 18. b4 Na6 19. Rfd1 Qe7 20. Nb5 Ra8 21. Qf2 Bd7 22. e5 Bc6 23. exd6 cxd6 24. Nxd6 Red8 25. c5 Nc7 26. Re1 {Bakovic,N-Dejanovic,I (1531) Belgrade 2013 1-0}) 12. Qd2 a5 13. Rfd1 Qe7 14. Nxc6 bxc6 15. Bxc6 Bb7 16. Bxe8 Nxe8 17. Nd5 Bxd5 18. Bxg7 Kxg7 19. Qxd5 Ra6 20. h4 Nf6 21. Qd4 Qxe2 22. Rd2 Qe6 23. Rcd1 h5 24. Qf4 Nfe4 25. Re2 Qg4 26. Qe3 Nf6 27. Red2 Nce4 28. f3 Qxg3+ 29. Rg2 Qh3 30. Rh2 Qf5 31. Rd4 Nc5 32. Rhd2 Qh3 33. Qf2 Qe6 34. Qg3 Qe3+ 35. Kg2 Ne6 36. Rxd6 Nf4+ 37. Kh2 Rxd6 38. Rxd6 Ne2 39. Qg2 Qe5+ 40. Kh1 Ng3+ 0-1

[Event "45th FIDE Chess Olympiad Open"]
[Site "Budapest, Hungary"]
[Date "2024.09.11"]
[Round "1.239"]
[White "Kanep, Meelis"]
[Black "Hussain, Hashem"]
[Result "1-0"]
[WhiteElo "2367"]
[BlackElo "1807"]
[PlyCount "71"]
[EventDate "2024.??.??"]
[WhiteTeam "Estonia"]
[BlackTeam "Kuwait"]
[WhiteTeamCountry "EST"]
[BlackTeamCountry "KUW"]
[WhiteClock "0:01:00"]
[BlackClock "0:00:48"]

1. Nf3 Nf6 2. g3 g6 3. Bg2 Bg7 4. d4 O-O 5. O-O d6 6. c4 Nbd7 7. Qc2 c5 8. d5 b5 9. e4 bxc4 10. Na3 ({RR} 10. Nfd2 Ba6 11. Nxc4 Nb6 12. Nbd2 Rb8 13. Rd1 Ng4 14. h3 Ne5 15. Nxe5 Bxe5 16. Nf3 Bg7 17. Rb1 e6 18. dxe6 fxe6 19. Bf4 Nc8 20. e5 d5 21. Qxc5 Rb5 22. Qe3 Rb6 23. Nd4 Ne7 24. h4 Nf5 {Reefschlaeger,H (2390)-Miles,A (2580) Germany 1990 ½-½ (47)}) 10... Ba6 11. Re1 Rb8 12. Nxc4 Rb4 $146 ({RR} 12... Ng4 13. Rb1 Rb4 14. b3 Nge5 15. Ncxe5 Nxe5 16. Nxe5 Bxe5 17. Bb2 Bxb2 18. Rxb2 Qa5 19. Qd2 Qb6 20. Rc2 Rd4 21. Qg5 Qa5 22. Qe3 Rb8 23. e5 Bb7 24. Qc3 Qxc3 25. Rxc3 Bxd5 26. Bxd5 Rxd5 27. exd6 {Meleshko,A (2069)-Hallaeva,B (2118) Moscow 2002 ½-½ (44)}) 13. Bf1 Qc7 14. Bd2 Rbb8 15. Bc3 Bxc4 16. Bxc4 Nb6 17. Bf1 Qd7 18. a4 Rfc8 19. Bb5 Qc7 20. Rad1 Rd8 21. Qe2 Ne8 22. Bxg7 Nxg7 23. Rc1 e6 24. Qd2 a6 25. Bc6 Nc8 26. e5 Ne7 27. exd6 Rxd6 28. Rxc5 Nxc6 29. Rxc6 Rxc6 30. dxc6 Qxc6 31. Ne5 Qb7 32. Qf4 Nf5 33. Nd7 Rd8 34. Nf6+ Kg7 35. Qe5 Qd5 36. Nxd5+ 1-0

[Event "45th FIDE Chess Olympiad Open"]
[Site "Budapest, Hungary"]
[Date "2024.09.11"]
[Round "1.241"]
[White "Prudente, Elmer"]
[Black "Fluvia Poyatos, Jordi"]
[Result "0-1"]
[WhiteElo "1949"]
[BlackElo "2438"]
[PlyCount "54"]
[EventDate "2024.??.??"]
[WhiteTeam "Guam"]
[BlackTeam "Andorra"]
[WhiteTeamCountry "GMA"]
[BlackTeamCountry "AND"]
[WhiteClock "0:15:31"]
[BlackClock "0:47:16"]

1. e4 d6 2. d4 Nf6 3. Nc3 g6 4. f4 Bg7 5. Nf3 O-O 6. Be3 b6 7. e5 Ng4 8. Bg1 c5 9. dxc5 bxc5 10. h3 Nh6 11. Bc4 Nc6 12. Bd5 $146 ({RR} 12. Qe2 Nf5 13. Bf2 dxe5 14. Bd5 Ncd4 15. Qd3 Rb8 16. fxe5 Rxb2 17. O-O Nxc2 18. Rad1 Nfd4 19. Nxd4 cxd4 20. Bxd4 Nxd4 21. Qxd4 e6 22. Bb3 Qxd4+ 23. Rxd4 Bxe5 24. Rc4 Ba6 {0-1 (24) Stefanova,A (2545)-Lagno,K (2539) Moscow 2010}) ({RR} 12. Qe2 Nf5 13. Bf2 Nfd4 14. Bxd4 Nxd4 15. Nxd4 cxd4 16. Qe4 dxc3 17. Qxa8 cxb2 18. Rd1 Qa5+ 19. Kf1 Be6 20. Qe4 d5 21. Qe1 Qxe1+ 22. Kxe1 dxc4 23. Kd2 f6 24. Rb1 fxe5 25. Rhe1 Rd8+ 26. Kc3 exf4+ {Treffert,P (2325)-Hoffmann,R (2155) Bischwiller 1998 0-1}) ({RR} 12. Bf2 Rb8 13. O-O dxe5 14. fxe5 Nxe5 15. Nxe5 Bxe5 16. Qxd8 Rxd8 17. Rae1 Bd4 18. Rxe7 Rxb2 19. Bxd4 cxd4 20. Ne4 Bf5 21. Ng5 Rf8 22. h4 Bxc2 {½-½ (22) Kaplan,S (2326)-Kantsler,B (2474) Ramat Aviv 2004}) 12... Qb6 13. Bf2 dxe5 14. fxe5 Rd8 15. Qe2 Bb7 16. O-O Nd4 17. Nxd4 cxd4 18. Bxb7 Qxb7 19. Nb5 d3 20. cxd3 Qxb5 21. Rad1 Qxe5 22. Qxe5 Bxe5 23. Rfe1 Bd6 24. d4 Rdc8 25. Re2 Nf5 26. g4 Ng7 27. Bh4 Ne6 0-1

[Event "45th FIDE Chess Olympiad Open"]
[Site "Budapest, Hungary"]
[Date "2024.09.11"]
[Round "1.242"]
[White "De La Riva Aguado, Oscar"]
[Black "Tran, Tuan An"]
[Result "1-0"]
[WhiteElo "2431"]
[BlackElo "1916"]
[PlyCount "89"]
[EventDate "2024.??.??"]
[WhiteTeam "Andorra"]
[BlackTeam "Guam"]
[WhiteTeamCountry "AND"]
[BlackTeamCountry "GMA"]
[WhiteClock "0:04:24"]
[BlackClock "0:01:41"]

1. e4 e5 2. Nf3 Nc6 3. Bb5 Nf6 4. d3 Bc5 5. Bxc6 dxc6 6. Nbd2 Nd7 7. O-O b6 ({RR} 7... O-O 8. Nc4 f6 9. Kh1 Rf7 10. Nh4 Bf8 11. Nf5 Nc5 12. Qh5 Be6 13. b3 Qd7 14. Be3 Kh8 15. Nh4 Kg8 16. Qe2 Re8 17. a4 b6 18. Rg1 a5 19. Nd2 f5 20. exf5 Bxf5 21. Nxf5 Qxf5 22. Bxc5 {Caruana,F (2783)-Firouzja,A (2793) Madrid 2022 0-1 (63)}) 8. Nc4 ({RR} 8. a4 a5 9. Nc4 Qe7 10. Be3 Bxe3 11. Nxe3 Nc5 12. Qd2 f6 13. Qc3 Bd7 {½-½ (13) Hofer,E (2234)-Gatterer,F (2170) Innsbruck AUT 2024}) 8... Qe7 9. Be3 Ba6 $146 ({RR} 9... Bb7 10. a4 a5 11. Bxc5 Qxc5 12. b3 Qe7 13. Qd2 O-O 14. h3 Rae8 15. Rfe1 f6 16. d4 exd4 17. Nxd4 Qf7 18. Qf4 Ne5 19. Nxe5 fxe5 20. Qxf7+ Kxf7 21. Nf5 Rd8 22. Rad1 g6 23. Ne3 Ke6 24. f3 {Dragnev,V (2576)-Blohberger,F (2522) Graz AUT 2023 ½-½ (116)}) 10. Bxc5 Qxc5 11. Ne3 g6 12. Qd2 Qe7 13. a4 Bb7 14. a5 c5 15. Qc3 O-O 16. b4 a6 17. Rfb1 Bc6 18. Nc4 f6 19. axb6 cxb6 20. bxc5 Qxc5 21. Qb3 Kg7 22. Nxb6 Ra7 23. Nc4 Rb8 24. Qa2 Nb6 25. h3 Rab7 26. Na5 Rc7 27. Qa3 Ba4 28. Qxc5 Rxc5 29. Nc4 Rb5 30. Rc1 Nxc4 31. Rxa4 Nb2 32. Rxa6 Rc5 33. Ra7+ Kh6 34. Ne1 Rb4 35. Kf1 Na4 36. c4 Rc8 37. Nc2 Rb3 38. Rxa4 Rxd3 39. Ne3 Rd4 40. f3 Rb8 41. Ra2 Kg5 42. g3 h5 43. h4+ Kh6 44. Ke2 g5 45. Nf5+ 1-0